000 00674nam a2200253Ia 4500
001 39513
005 20240114002055.0
007 ta
008 070825s349 g b000 u 098 u
040 _aCotton College,Assam
041 _a098
082 _a297
_bSh 61 M
100 _aNadwi, Syed Suleman .
245 0 _aMaqalat-E-Shibli /
_cSyed Suleman Nadwi.
_hTextual Documents
250 _a1st ed. /
260 _aAzamghar :
_bNazm Darul Musnifin ,
_c1349 A.H..
300 _a248p. ;
_c22cm.
653 _aTheology-Islam
653 _aIslamic Theology
653 _aG-Arabic & Persian
942 _2ddc
_cBK
999 _c39485
_d39485